[Event "Manx Liberty Masters"]
[Site "Douglas"]
[Date "2021.09.22"]
[Round "5.4"]
[White "Kolbus, Dietmar"]
[Black "Lupulescu, Constantin"]
[Result "1/2-1/2"]
[WhiteElo "2295"]
[BlackElo "2660"]
[PlyCount "182"]
[EventDate "2021.09.18"]
[EventType "tourn"]
[EventRounds "9"]
[EventCountry "IOM"]
[EventCategory "12"]
[SourceTitle "The Week in Chess 1403"]
[Source "Mark Crowther"]
[SourceDate "2021.09.27"]
[SourceVersion "2"]
[SourceVersionDate "2021.09.29"]
[SourceQuality "2"]

1. c4 e6 2. Nf3 d5 3. d4 Nf6 4. e3 a6 5. Nbd2 c5 6. dxc5 Bxc5 7. a3 Nc6 8. b4
Ba7 9. Bb2 O-O 10. Be2 Qe7 11. O-O Rd8 12. Qb3 Bd7 13. Rfd1 Be8 14. Ne5 d4 15.
Nxc6 Bxc6 16. Bxd4 Bxd4 17. exd4 Rxd4 18. Nf1 e5 19. Rxd4 exd4 20. Bf3 Rd8 21.
Rd1 Ne4 22. Bxe4 Qxe4 23. f3 Qe6 24. Qd3 h5 25. Kf2 h4 26. Re1 Qf6 27. Nd2 Qf4
28. Nf1 b6 29. Rd1 Rd6 30. Qd2 Qf5 31. Qd3 Qf4 32. Qd2 Qe5 33. Qe2 Qg5 34. Qd2
Qh5 35. Qf4 Rf6 36. Qb8+ Kh7 37. Rxd4 Bxf3 38. Rf4 Bxg2 39. Rxf6 Bxf1 40. Rf3
Bxc4 41. Qf4 Be6 42. h3 g5 43. Qf6 Qg6 44. Qc3 Bd5 45. Re3 Qf5+ 46. Kg1 Be6 47.
Rf3 Qb1+ 48. Rf1 Qe4 49. Re1 Qf5 50. Rf1 Qe4 51. Re1 Qf5 52. Rf1 Qd5 53. Rf3 a5
54. bxa5 bxa5 55. Rd3 Qb5 56. Re3 a4 57. Qb4 Qd7 58. Qc3 Qd1+ 59. Kf2 Qb1 60.
Qd4 Qc2+ 61. Ke1 Bc4 62. Qe4+ Qxe4 63. Rxe4 Bb3 64. Kf2 Kg6 65. Rd4 Kf5 66. Rb4
f6 67. Ke3 Kg6 68. Rb6 Bc2 69. Kf2 Bf5 70. Kg2 Bd7 71. Rd6 Bb5 72. Kf2 Kf7 73.
Rb6 Bd7 74. Kg2 f5 75. Kh2 Be6 76. Ra6 Bb3 77. Rd6 Bc2 78. Rc6 Bd1 79. Rd6 Bb3
80. Kg1 f4 81. Kf2 Be6 82. Kg2 Bf5 83. Ra6 Be4+ 84. Kf2 Bc2 85. Kg2 Kg7 86. Kf2
Bb3 87. Rd6 Bc2 88. Ra6 Bf5 89. Kg2 Be4+ 90. Kg1 Bc2 91. Kg2 Be4+ 1/2-1/2

[Event "Manx Liberty Masters"]
[Site "Douglas"]
[Date "2021.09.23"]
[Round "6.1"]
[White "Csonka, Balazs"]
[Black "McShane, Luke J"]
[Result "1/2-1/2"]
[WhiteElo "2496"]
[BlackElo "2674"]
[PlyCount "83"]
[EventDate "2021.09.18"]
[EventType "tourn"]
[EventRounds "9"]
[EventCountry "IOM"]
[EventCategory "12"]
[SourceTitle "The Week in Chess 1403"]
[Source "Mark Crowther"]
[SourceDate "2021.09.27"]
[SourceVersion "2"]
[SourceVersionDate "2021.09.29"]
[SourceQuality "2"]

1. e4 e5 2. Nf3 Nc6 3. Nc3 Nf6 4. d4 exd4 5. Nxd4 Bb4 6. Nxc6 bxc6 7. Bd3 d5 8.
Bd2 O-O 9. O-O a5 10. Re1 Be6 11. a3 Bc5 12. h3 Nd7 13. Qh5 g6 14. Qf3 Qf6 15.
Qxf6 Nxf6 16. Bf4 Rfc8 17. Rac1 a4 18. exd5 cxd5 19. Nb5 Ne8 20. c4 d4 21. Re5
Bd6 22. Nxd6 Nxd6 23. Rc5 Nb7 24. Rxc7 Nc5 25. Rd1 Rxc7 26. Bxc7 Rc8 27. Bb6
Nxd3 28. Rxd3 Rxc4 29. Bxd4 h6 30. Bc3 Kh7 31. g4 g5 32. Kg2 Kg6 33. Kg3 h5 34.
f3 hxg4 35. hxg4 Rc6 36. Rd4 Bb3 37. Rd8 f6 38. Rd7 Re6 39. Bb4 Re8 40. Ra7 Bd1
41. Be7 Bb3 42. Kf2 1/2-1/2

[Event "Manx Liberty Masters"]
[Site "Douglas"]
[Date "2021.09.23"]
[Round "6.2"]
[White "Pert, Richard"]
[Black "Parligras, Mircea-Emilian"]
[Result "1/2-1/2"]
[WhiteElo "2416"]
[BlackElo "2583"]
[PlyCount "86"]
[EventDate "2021.09.18"]
[EventType "tourn"]
[EventRounds "9"]
[EventCountry "IOM"]
[EventCategory "12"]
[SourceTitle "The Week in Chess 1403"]
[Source "Mark Crowther"]
[SourceDate "2021.09.27"]
[SourceVersion "2"]
[SourceVersionDate "2021.09.29"]
[SourceQuality "2"]

1. d4 Nf6 2. Nf3 e6 3. c4 c5 4. e3 d5 5. cxd5 exd5 6. Bb5+ Nc6 7. O-O cxd4 8.
exd4 Be7 9. Ne5 Bd7 10. Nc3 O-O 11. Re1 Rc8 12. Bg5 Re8 13. Rc1 a6 14. Bxc6
Bxc6 15. Qb3 h6 16. Bh4 Qd6 17. a3 b5 18. h3 Ba8 19. Re3 Bf8 20. Rce1 Nd7 21.
Nxd7 Rxe3 22. Rxe3 Qxd7 23. Qd1 a5 24. Bg3 Bc6 25. Ne2 b4 26. axb4 axb4 27. Nf4
Re8 28. Qe1 Rxe3 29. Qxe3 Qa7 30. Kh2 Qa2 31. Qe2 Qc4 32. Qe5 b3 33. Nh5 Bd7
34. Nf4 Bc6 35. Nh5 Ba4 36. Nf4 Qc2 37. Nxd5 Qxb2 38. Qb8 Qa3 39. Nb6 Bb5 40.
Nc8 Bd3 41. Bd6 Bxd6+ 42. Nxd6+ Kh7 43. Nxf7 Bc2 1/2-1/2

[Event "Manx Liberty Masters"]
[Site "Douglas"]
[Date "2021.09.23"]
[Round "6.3"]
[White "Kolbus, Dietmar"]
[Black "Piorun, Kacper"]
[Result "0-1"]
[WhiteElo "2295"]
[BlackElo "2638"]
[PlyCount "106"]
[EventDate "2021.09.18"]
[EventType "tourn"]
[EventRounds "9"]
[EventCountry "IOM"]
[EventCategory "12"]
[SourceTitle "The Week in Chess 1403"]
[Source "Mark Crowther"]
[SourceDate "2021.09.27"]
[SourceVersion "2"]
[SourceVersionDate "2021.09.29"]
[SourceQuality "2"]

1. c4 e5 2. Nc3 Nc6 3. g3 f5 4. Bg2 Nf6 5. d3 Bb4 6. Bd2 O-O 7. a3 Bxc3 8. Bxc3
d6 9. b4 Qe8 10. b5 Nd8 11. Nf3 Qh5 12. Nd2 Ne6 13. e3 Qh6 14. Qe2 Bd7 15. Bxb7
Rae8 16. Nb3 f4 17. Bd2 Qg6 18. e4 Ng5 19. f3 fxg3 20. O-O-O Nh5 21. hxg3 Nxg3
22. Qg2 Nxf3 23. Be3 h5 24. Kb2 h4 25. Bxa7 Qf6 26. Be3 Nxh1 27. Rxh1 g5 28.
Kc3 g4 29. a4 Kf7 30. a5 Ke7 31. a6 Rg8 32. Rf1 h3 33. Qg3 Qh4 34. Bf2 Qxg3 35.
Bxg3 Rh8 36. Rh1 h2 37. Nd2 Rh3 38. Nf1 Nd4 39. Kd2 Nb3+ 40. Ke2 Nc5 41. Bd5 c6
42. bxc6 Be6 43. Rxh2 Ra8 44. Bh4+ Ke8 45. Bg3 Rxa6 46. Ke3 Ra1 47. Rxh3 gxh3
48. Nh2 Ra3 49. Bxe6 Nxe6 50. Ng4 Kd8 51. Nf2 Nc5 52. Kf3 Nxd3 53. Nxh3 Nc5+
0-1

[Event "Manx Liberty Masters"]
[Site "Douglas"]
[Date "2021.09.23"]
[Round "6.5"]
[White "Galyas, Miklos"]
[Black "Lupulescu, Constantin"]
[Result "1/2-1/2"]
[WhiteElo "2448"]
[BlackElo "2660"]
[PlyCount "98"]
[EventDate "2021.09.18"]
[EventType "tourn"]
[EventRounds "9"]
[EventCountry "IOM"]
[EventCategory "12"]
[SourceTitle "The Week in Chess 1403"]
[Source "Mark Crowther"]
[SourceDate "2021.09.27"]
[SourceVersion "2"]
[SourceVersionDate "2021.09.29"]
[SourceQuality "2"]

1. c4 e6 2. e4 c5 3. Nc3 b6 4. g3 Bb7 5. Bg2 Nf6 6. Nge2 a6 7. O-O Qc7 8. d3
Be7 9. h3 h5 10. Be3 Nc6 11. f4 d6 12. a3 Nd7 13. b4 cxb4 14. axb4 Nxb4 15. Rb1
a5 16. Nb5 Qd8 17. Nec3 h4 18. g4 O-O 19. Qe2 e5 20. Nd5 Nxd5 21. exd5 Ba6 22.
fxe5 Bxb5 23. Rxb5 dxe5 24. d6 Bxd6 25. Bxa8 Qxa8 26. Qg2 Qc8 27. Rd5 Qc7 28.
g5 g6 29. Qg4 a4 30. Bc1 Nb8 31. Bb2 a3 32. Ba1 Nc6 33. Rf6 Rd8 34. Qe4 Qe7 35.
Kh2 Nb4 36. Rfxd6 Rxd6 37. Rxe5 Re6 38. Rxe6 fxe6 39. Qxg6+ Kf8 40. Be5 Nc6 41.
Qh6+ Ke8 42. g6 Qc5 43. d4 Qxc4 44. g7 Ne7 45. Qh8+ Kd7 46. g8=Q Nxg8 47. Qxg8
Qe2+ 48. Kg1 Qe1+ 49. Kg2 Qe2+ 1/2-1/2

[Event "Manx Liberty Masters"]
[Site "Douglas"]
[Date "2021.09.24"]
[Round "7.1"]
[White "Gavrilescu, David"]
[Black "McShane, Luke J"]
[Result "1/2-1/2"]
[WhiteElo "2477"]
[BlackElo "2674"]
[PlyCount "40"]
[EventDate "2021.09.18"]
[EventType "tourn"]
[EventRounds "9"]
[EventCountry "IOM"]
[EventCategory "12"]
[SourceTitle "The Week in Chess 1403"]
[Source "Mark Crowther"]
[SourceDate "2021.09.27"]
[SourceVersion "2"]
[SourceVersionDate "2021.09.29"]
[SourceQuality "2"]

1. e4 e5 2. Nf3 Nc6 3. d4 exd4 4. Nxd4 Nf6 5. Nxc6 bxc6 6. e5 Qe7 7. Qe2 Nd5 8.
c4 Ba6 9. Nd2 g6 10. Ne4 O-O-O 11. Qc2 Qxe5 12. cxd5 Bxf1 13. Kxf1 Re8 14. Qc4
Qxe4 15. Qa6+ Kb8 16. Be3 c5 17. Qb5+ Kc8 18. Qa6+ Kb8 19. Qb5+ Kc8 20. Qa6+
Kb8 1/2-1/2

[Event "Manx Liberty Masters"]
[Site "Douglas"]
[Date "2021.09.24"]
[Round "7.3"]
[White "Lupulescu, Constantin"]
[Black "Pert, Richard"]
[Result "1-0"]
[WhiteElo "2660"]
[BlackElo "2416"]
[PlyCount "89"]
[EventDate "2021.09.18"]
[EventType "tourn"]
[EventRounds "9"]
[EventCountry "IOM"]
[EventCategory "12"]
[SourceTitle "The Week in Chess 1403"]
[Source "Mark Crowther"]
[SourceDate "2021.09.27"]
[SourceVersion "2"]
[SourceVersionDate "2021.09.29"]
[SourceQuality "2"]

1. e4 c5 2. Nf3 d6 3. d4 cxd4 4. Qxd4 a6 5. Be2 Nc6 6. Qe3 g6 7. O-O Bg7 8. Rd1
Nf6 9. h3 O-O 10. c4 Nd7 11. Nc3 Nc5 12. Bd2 f5 13. exf5 gxf5 14. Qg5 f4 15.
Nd5 e5 16. Qxd8 Rxd8 17. Bc3 Bf5 18. Nh4 Bc2 19. Rd2 Be4 20. Rad1 Na4 21. Bf3
Bxf3 22. Nxf3 Rd7 23. b3 Nxc3 24. Nxc3 Rad8 25. Ne4 Nd4 26. Nxd4 exd4 27. Ng5
Re8 28. Nf3 d5 29. c5 Rc7 30. b4 a5 31. a3 axb4 32. axb4 b6 33. cxb6 Rc4 34.
Rb1 Rb8 35. Ne1 Rxb6 36. Nd3 f3 37. g3 Bh6 38. Rdd1 Rc2 39. Ne1 Re2 40. Rxd4
Rf6 41. Kf1 Be3 42. fxe3 Rh2 43. Rf4 Rxf4 44. exf4 f2 45. Rb3 1-0

[Event "Manx Liberty Masters"]
[Site "Douglas"]
[Date "2021.09.24"]
[Round "7.4"]
[White "Erdos, Viktor"]
[Black "Csonka, Balazs"]
[Result "1/2-1/2"]
[WhiteElo "2622"]
[BlackElo "2496"]
[PlyCount "60"]
[EventDate "2021.09.18"]
[EventType "tourn"]
[EventRounds "9"]
[EventCountry "IOM"]
[EventCategory "12"]
[SourceTitle "The Week in Chess 1403"]
[Source "Mark Crowther"]
[SourceDate "2021.09.27"]
[SourceVersion "2"]
[SourceVersionDate "2021.09.29"]
[SourceQuality "2"]

1. Nf3 d5 2. g3 Nf6 3. Bg2 e6 4. O-O Be7 5. c4 O-O 6. d4 dxc4 7. Qa4 c6 8. Qxc4
b5 9. Qb3 Bb7 10. Rd1 Nbd7 11. Ne5 Nxe5 12. dxe5 Nd7 13. Nc3 Qc7 14. Ne4 Rfd8
15. Be3 c5 16. Qxb5 Rab8 17. Qa4 Bxe4 18. Bxe4 Rxb2 19. Rab1 Rxb1 20. Rxb1 Nb6
21. Qa5 Qxe5 22. Bd3 Qc7 23. Rc1 g6 24. h4 h5 25. Bf4 Qd7 26. Qa6 Qa4 27. Qxa4
Nxa4 28. Be3 Nb2 29. Bb5 Rd1+ 30. Kg2 Rxc1 1/2-1/2

[Event "Manx Liberty Masters"]
[Site "Douglas"]
[Date "2021.09.24"]
[Round "7.5"]
[White "Piorun, Kacper"]
[Black "Parligras, Mircea-Emilian"]
[Result "1/2-1/2"]
[WhiteElo "2638"]
[BlackElo "2583"]
[PlyCount "60"]
[EventDate "2021.09.18"]
[EventType "tourn"]
[EventRounds "9"]
[EventCountry "IOM"]
[EventCategory "12"]
[SourceTitle "The Week in Chess 1403"]
[Source "Mark Crowther"]
[SourceDate "2021.09.27"]
[SourceVersion "2"]
[SourceVersionDate "2021.09.29"]
[SourceQuality "2"]

1. d4 Nf6 2. Bg5 e6 3. e4 h6 4. Bxf6 Qxf6 5. c3 d5 6. Bd3 c5 7. Nf3 dxe4 8.
Bxe4 cxd4 9. cxd4 Bd6 10. Nc3 Qe7 11. O-O O-O 12. Re1 Nd7 13. Bc2 Nf6 14. Qd3
Rd8 15. Rad1 b6 16. d5 Bb4 17. a3 Bxc3 18. d6 Qb7 19. bxc3 Qd5 20. Qe3 Qc5 21.
Qxc5 bxc5 22. Ne5 Bd7 23. f4 Rab8 24. f5 exf5 25. Nxd7 Rxd7 26. Bxf5 Rdd8 27.
Re5 g6 28. Bh3 Rb6 29. d7 Rc6 30. Kf2 Kf8 1/2-1/2

[Event "Manx Liberty Masters"]
[Site "Douglas"]
[Date "2021.09.25"]
[Round "8.1"]
[White "Kolbus, Dietmar"]
[Black "McShane, Luke J"]
[Result "0-1"]
[WhiteElo "2295"]
[BlackElo "2674"]
[PlyCount "178"]
[EventDate "2021.09.18"]
[EventType "tourn"]
[EventRounds "9"]
[EventCountry "IOM"]
[EventCategory "12"]
[SourceTitle "The Week in Chess 1403"]
[Source "Mark Crowther"]
[SourceDate "2021.09.27"]
[SourceVersion "2"]
[SourceVersionDate "2021.09.29"]
[SourceQuality "2"]

1. e4 c5 2. Nf3 Nc6 3. Bb5 e6 4. O-O Nge7 5. Re1 a6 6. Bf1 d5 7. exd5 Nxd5 8.
c3 Be7 9. Na3 O-O 10. Nc2 Qc7 11. d4 Rd8 12. Qe2 b6 13. g3 Bb7 14. Bg2 cxd4 15.
Ncxd4 Nxd4 16. Nxd4 Rac8 17. Nf3 Bf8 18. Nd2 b5 19. a3 Nb6 20. Bxb7 Qxb7 21.
Nf1 Nc4 22. Nd2 Nb6 23. Nf1 Rd5 24. Be3 Nc4 25. Rad1 Rcd8 26. Rxd5 Rxd5 27. Bd4
e5 28. Be3 Qd7 29. Bc1 Rd3 30. a4 bxa4 31. Qe4 Qd5 32. Qxd5 Rxd5 33. Ne3 Nxe3
34. Bxe3 Rd3 35. Rc1 f6 36. Kf1 a3 37. bxa3 Bxa3 38. Rc2 Be7 39. Ra2 Rxc3 40.
Rxa6 h5 41. Ra7 Kf7 42. h3 Ke6 43. Ra6+ Kf5 44. Ra4 Kg6 45. g4 Bc5 46. Bxc5
Rxc5 47. Kg2 Kg5 48. gxh5 Rc7 49. Rg4+ Kxh5 50. f4 exf4 51. Rxf4 Rc5 52. Ra4
Rg5+ 53. Kf3 Rf5+ 54. Kg3 Re5 55. Rh4+ Kg6 56. Ra4 Re3+ 57. Kg2 Re7 58. Kg3 Kf5
59. Rf4+ Ke5 60. Ra4 Rd7 61. Kg2 f5 62. Ra5+ Kf4 63. Ra4+ Kg5 64. Kg3 Rd6 65.
Rb4 g6 66. Ra4 Rd3+ 67. Kg2 Re3 68. Rb4 Re4 69. Rb8 Kf4 70. Kf2 Rd4 71. Rb2 Kg5
72. Rb8 Rd2+ 73. Kf3 Rd3+ 74. Kg2 Kf4 75. Rb6 Rd2+ 76. Kg1 Kg5 77. Ra6 Kh5 78.
Rf6 Re2 79. Kh1 Kg5 80. Ra6 f4 81. Kg1 Kh5 82. Rf6 g5 83. Rf8 Kh4 84. Kf1 Rh2
85. Rh8+ Kg3 86. Rg8 Rh1+ 87. Ke2 f3+ 88. Ke3 Re1+ 89. Kd2 f2 0-1

[Event "Manx Liberty Masters"]
[Site "Douglas"]
[Date "2021.09.25"]
[Round "8.4"]
[White "Lupulescu, Constantin"]
[Black "Parligras, Mircea-Emilian"]
[Result "1/2-1/2"]
[WhiteElo "2660"]
[BlackElo "2583"]
[PlyCount "60"]
[EventDate "2021.09.18"]
[EventType "tourn"]
[EventRounds "9"]
[EventCountry "IOM"]
[EventCategory "12"]
[SourceTitle "The Week in Chess 1403"]
[Source "Mark Crowther"]
[SourceDate "2021.09.27"]
[SourceVersion "2"]
[SourceVersionDate "2021.09.29"]
[SourceQuality "2"]

1. d4 Nf6 2. c4 e6 3. Nf3 d5 4. Nc3 Bb4 5. Qb3 c5 6. dxc5 Nc6 7. Bg5 Qa5 8.
Bxf6 dxc4 9. Qxc4 gxf6 10. Rc1 Qxc5 11. Qh4 Ke7 12. e3 Bxc3+ 13. Rxc3 Qb4 14.
Qxb4+ Nxb4 15. a3 Nd5 16. Rc1 Bd7 17. Bd3 Rac8 18. Kd2 h6 19. Rxc8 Rxc8 20. Rc1
Rxc1 21. Kxc1 Kd6 22. Kd2 Bc6 23. Nd4 Bd7 24. Nb5+ Bxb5 25. Bxb5 Nc7 26. Be2 f5
27. Bh5 f6 28. Kd3 b6 29. g3 Kd5 30. Bf3+ Kc5 1/2-1/2

[Event "Manx Liberty Masters"]
[Site "Douglas"]
[Date "2021.09.25"]
[Round "8.5"]
[White "Erdos, Viktor"]
[Black "Piorun, Kacper"]
[Result "1/2-1/2"]
[WhiteElo "2622"]
[BlackElo "2638"]
[PlyCount "70"]
[EventDate "2021.09.18"]
[EventType "tourn"]
[EventRounds "9"]
[EventCountry "IOM"]
[EventCategory "12"]
[SourceTitle "The Week in Chess 1403"]
[Source "Mark Crowther"]
[SourceDate "2021.09.27"]
[SourceVersion "2"]
[SourceVersionDate "2021.09.29"]
[SourceQuality "2"]

1. e4 c5 2. Nf3 d6 3. Bb5+ Bd7 4. c4 e5 5. Bxd7+ Qxd7 6. Nc3 Nc6 7. a3 g6 8.
O-O Bg7 9. b4 Nge7 10. Rb1 O-O 11. d3 h6 12. Nd5 f5 13. Be3 f4 14. Bd2 g5 15.
h3 Ng6 16. Bc3 Rf7 17. Re1 Re8 18. Kf1 Nce7 19. Qb3 Nxd5 20. cxd5 cxb4 21. Qxb4
Rc8 22. Rec1 Qe7 23. Bd2 Rcf8 24. Ke2 h5 25. Rh1 g4 26. hxg4 hxg4 27. Ne1 Bf6
28. f3 Bh4 29. fxg4 Bxe1 30. Bxe1 Rc8 31. Kf3 Rc2 32. Rb2 Rc1 33. Rb1 Rc2 34.
Rb2 Rc1 35. Rb1 Rc2 1/2-1/2

[Event "Manx Liberty Masters"]
[Site "Douglas"]
[Date "2021.09.26"]
[Round "9.1"]
[White "McShane, Luke J"]
[Black "Lupulescu, Constantin"]
[Result "1/2-1/2"]
[WhiteElo "2674"]
[BlackElo "2660"]
[PlyCount "43"]
[EventDate "2021.09.18"]
[EventType "tourn"]
[EventRounds "9"]
[EventCountry "IOM"]
[EventCategory "12"]
[SourceTitle "The Week in Chess 1403"]
[Source "Mark Crowther"]
[SourceDate "2021.09.27"]
[SourceVersion "2"]
[SourceVersionDate "2021.09.29"]
[SourceQuality "2"]

1. e4 e6 2. d4 d5 3. exd5 exd5 4. Nf3 Nf6 5. Bd3 c5 6. O-O c4 7. Be2 Bd6 8. b3
cxb3 9. axb3 O-O 10. c4 Nc6 11. Nc3 h6 12. cxd5 Nb4 13. Bc4 a6 14. Ne5 Bf5 15.
Qf3 Bh7 16. Bf4 Rc8 17. Rac1 Re8 18. Rfd1 Nc2 19. Ne2 Nb4 20. Nc3 Nc2 21. Ne2
Nb4 22. Nc3 1/2-1/2

[Event "Manx Liberty Masters"]
[Site "Douglas"]
[Date "2021.09.26"]
[Round "9.2"]
[White "Erdos, Viktor"]
[Black "Galyas, Miklos"]
[Result "1/2-1/2"]
[WhiteElo "2622"]
[BlackElo "2448"]
[PlyCount "61"]
[EventDate "2021.09.18"]
[EventType "tourn"]
[EventRounds "9"]
[EventCountry "IOM"]
[EventCategory "12"]
[SourceTitle "The Week in Chess 1403"]
[Source "Mark Crowther"]
[SourceDate "2021.09.27"]
[SourceVersion "2"]
[SourceVersionDate "2021.09.29"]
[SourceQuality "2"]

1. e4 d6 2. d4 Nf6 3. Nc3 g6 4. Nf3 Bg7 5. Be2 O-O 6. O-O a6 7. a4 Nc6 8. d5
Nb4 9. a5 e6 10. Bg5 h6 11. Be3 exd5 12. exd5 b5 13. axb6 cxb6 14. Qd2 Kh7 15.
Bc4 Bb7 16. Bd4 b5 17. Bb3 a5 18. Nxb5 Nbxd5 19. Bxd5 Nxd5 20. Bxg7 Kxg7 21.
Ra4 Nb4 22. Nfd4 Qf6 23. Ra3 h5 24. h3 Kg8 25. Rg3 Rae8 26. Qg5 Qxg5 27. Rxg5
Ba6 28. c4 Re5 29. f4 Rxg5 30. fxg5 d5 31. Ra1 1/2-1/2

[Event "Manx Liberty Masters"]
[Site "Douglas"]
[Date "2021.09.26"]
[Round "9.3"]
[White "Piorun, Kacper"]
[Black "Gavrilescu, David"]
[Result "1/2-1/2"]
[WhiteElo "2638"]
[BlackElo "2477"]
[PlyCount "64"]
[EventDate "2021.09.18"]
[EventType "tourn"]
[EventRounds "9"]
[EventCountry "IOM"]
[EventCategory "12"]
[SourceTitle "The Week in Chess 1403"]
[Source "Mark Crowther"]
[SourceDate "2021.09.27"]
[SourceVersion "2"]
[SourceVersionDate "2021.09.29"]
[SourceQuality "2"]

1. Nf3 d5 2. g3 Nf6 3. Bg2 e6 4. O-O Be7 5. d3 O-O 6. Nbd2 c5 7. e4 Nc6 8. Re1
Qc7 9. Qe2 b5 10. e5 Nd7 11. Nf1 Bb7 12. h4 h6 13. N1h2 Rfc8 14. Bf4 a5 15. h5
Qd8 16. c3 Nb6 17. Ng4 Qf8 18. Qd2 Kh8 19. Nfh2 Nd7 20. Qe2 a4 21. a3 b4 22. c4
dxc4 23. dxc4 Nd4 24. Qd3 Bxg2 25. Kxg2 Rab8 26. Ne3 Qe8 27. axb4 Rxb4 28. Nd1
Nb6 29. Bd2 Qc6+ 30. Kg1 Rb3 31. Bc3 Rd8 32. Qe4 Qxe4 1/2-1/2

[Event "Manx Liberty Masters"]
[Site "Douglas"]
[Date "2021.09.26"]
[Round "9.4"]
[White "Parligras, Mircea-Emilian"]
[Black "Kolbus, Dietmar"]
[Result "1-0"]
[WhiteElo "2583"]
[BlackElo "2295"]
[PlyCount "85"]
[EventDate "2021.09.18"]
[EventType "tourn"]
[EventRounds "9"]
[EventCountry "IOM"]
[EventCategory "12"]
[SourceTitle "The Week in Chess 1403"]
[Source "Mark Crowther"]
[SourceDate "2021.09.27"]
[SourceVersion "2"]
[SourceVersionDate "2021.09.29"]
[SourceQuality "2"]

1. d4 d5 2. c4 c6 3. Nc3 Nf6 4. e3 e6 5. Nf3 Nbd7 6. Bd3 Bd6 7. e4 dxe4 8. Nxe4
Nxe4 9. Bxe4 Bb4+ 10. Bd2 Qa5 11. O-O Bxd2 12. Nxd2 c5 13. d5 exd5 14. Bxd5 O-O
15. Ne4 Qb6 16. Qf3 Qxb2 17. Rfe1 Nb6 18. Rab1 Qe5 19. Nxc5 Qc7 20. Ne4 Nxd5
21. cxd5 Qd8 22. d6 Rb8 23. Rbd1 b6 24. Ng3 Re8 25. Rxe8+ Qxe8 26. Qf4 Bd7 27.
h4 Qe6 28. a3 Rc8 29. Qd2 Rc6 30. Nh5 Qe5 31. Nf4 h6 32. Nd5 Rc5 33. Ne7+ Kh8
34. Re1 Qf6 35. Qd3 g6 36. Qe4 Kh7 37. Qa8 Qg7 38. Qd8 Bb5 39. d7 Bxd7 40. Qxd7
Re5 41. Rxe5 Qxe5 42. Qe8 Qg7 43. g3 1-0